Strategic management of technology and innovation. (رقم التسجيلة. 14244)

تفاصيل مارك
000 -الفاتح
حقل البيانات ثابتة الطول 00881nam a22002537a 4500
003 - محدد رقم الضبط
رقم الضبط OSt
005 - وقت وتاريخ اخر تعامل مع التسجيلة
رقم الضبط 20150408113917.0
008 - عناصر البيانات ثابتة الطول - معلومات عامة
حقل البيانات ثابتة الطول 110907t xxu||||| |||| 00| 0 eng d
020 ## - الرقم الدولى المعيارى للكتب
الرقم الدولى المعيارى للكتاب 9780071263290
020 ## - الرقم الدولى المعيارى للكتب
الرقم الدولى المعيارى للكتاب 0071263292
040 ## - مصدر الفهرسة
وكالة النسخ DLC
082 ## - رقم تصنيف ديوى العشرى
رقم الطبعة 21
رقم التصنيف 658.514
رقم المادة BRS
100 ## - المدخل الرئيسى - إسم شخصى
الإسم الشخصى Burgelman, Robert A.
9 (RLIN) 3986
245 ## - بيان العنوان
العنوان Strategic management of technology and innovation.
250 ## - بيان الطبعة
بيان الطبعة International ed., 5th ed. / |b Robert A. Burgelman, Clayton M. Christensen and Steven C. Wheelwright
260 ## - PUBLICATION, DISTRIBUTION, ETC. (IMPRINT)
مكان الناشر او الموزع New York :
اسم الناشر او الموزع McGraw-Hill ;
تاريخ النشر أو التوزيع 2009
300 ## - الوصف المادى
التعداد xiii, 1264 p. :
تفاصيل ماديه اخرى للوعاء ill. ,
أبعاد الوعاء 24 cm.
650 ## - المدخل الاضافى بالموضوع-مصطلح موضوعى
مصطلح موضوعي أو اسم جغرافي كعنصر مدخل Technological innovations
التقسيم الفرعي العام Management.
9 (RLIN) 3987
650 ## - المدخل الاضافى بالموضوع-مصطلح موضوعى
مصطلح موضوعي أو اسم جغرافي كعنصر مدخل New products
التقسيم الفرعي العام Management.
9 (RLIN) 3988
650 ## - المدخل الاضافى بالموضوع-مصطلح موضوعى
مصطلح موضوعي أو اسم جغرافي كعنصر مدخل High technology industries
التقسيم الفرعي العام Management.
9 (RLIN) 3989
700 ## - المدخل الاضافى - اسم شخصى
الإسم الشخصى Christensen, Clayton M.
9 (RLIN) 3990
700 ## - المدخل الاضافى - اسم شخصى
الإسم الشخصى Wheelwright, Steven C.,
9 (RLIN) 3991
942 ## - عناصر المدخل الإضافي( كوها)
مصدر التصنيف او مخطط الترفيف Dewey Decimal Classification
Koha [default] item type DVD
المقتنيات
حالة الفقد نموذج السعر الفعال حالة تلف ليس للاعارة رقم الطلب تاريخ الاكتساب الموقع الحالي الباركود الفرع الرئيسي Date last seen نوع المادة فى نظام كوها مصدر التصنيف او خطة الترفيف Total Checkouts
  2013-03-10     658.514 BRS 2011-09-07 قسم الاجراءات الفنية (IC) 00101862 قسم الاجراءات الفنية (IC) 2013-03-10 كتاب Dewey Decimal Classification  
  2013-03-10     658.514 BRS 2011-09-07 قسم الاجراءات الفنية (IC) 00101863 قسم الاجراءات الفنية (IC) 2013-03-10 كتاب Dewey Decimal Classification